Ένας προεστός του Μυστρά στην επανάσταση : γύρω από τον Αναγνώστη Κοπανίτζα
Saved in:
| Main Author: | |
|---|---|
| Corporate Author: | |
| Format: | Book |
| Language: | Greek |
| Published: |
Αθήνα :
Μορφωτικό Ίδρυμα Εθνικής Τραπέζης. Ιστορικό και Παλαιογραφικό Αρχείο,
1998
|
| Subjects: | |
| Tags: |
Add Tag
No Tags, Be the first to tag this record!
|
MARC
| LEADER | 00000nam a2200000 i 4500 | ||
|---|---|---|---|
| 001 | 1/83316 | ||
| 008 | 080418s1998 gre d | ||
| 020 | |a 960-250-149-9 | ||
| 035 | |l 10096896 | ||
| 040 | |a GR-MY-UA |b gre |e aacr | ||
| 041 | 0 | |a gre | |
| 082 | 0 | |a 938.501 |2 (22) | |
| 100 | 1 | |a Κοπανίτσας, Δημήτρης. | |
| 245 | 1 | 0 | |a Ένας προεστός του Μυστρά στην επανάσταση : |b γύρω από τον Αναγνώστη Κοπανίτζα / |c Δημήτρη Κοπανίτσα |
| 260 | |a Αθήνα : |b Μορφωτικό Ίδρυμα Εθνικής Τραπέζης. Ιστορικό και Παλαιογραφικό Αρχείο, |c 1998 | ||
| 300 | |a 251 σ.; |b εικ., χάρτες; |c 21 εκ. | ||
| 504 | |a Βιβλιογραφία: σ. 241-251 | ||
| 600 | 1 | 0 | |a Κοπανίτζας, Αναγνώστης Σπυρίδων, |d 1755-1835. |
| 651 | 0 | |a Greece |x History |y War of Independence, 1821-1829 |x Sources. | |
| 651 | 0 | |a Mistra (Greece) |x History. | |
| 710 | 2 | |a Μορφωτικό Ιδρυμα Εθνικής Τραπέζης |b Ιστορικό και Παλαιογραφικό Αρχείο. | |
| 852 | |a INST |b LESVOS |e 20080418 |h 928.501 ΚΟΠ |p 005100039647 |q 005100039647 |t BK |y 0 | ||
| 901 | |a BIBL1-2008-1 | ||
| 909 | |a Λ |b 141827 | ||
| 922 | |a 1ΕΛΗ |b 200711 |c ΕΠΕΑΕΚ2/ΤΚΑ |d Σ. ΠΑΤΑΚΗΣ | ||
| 970 | |a ΚΑΡΑ |b ΓΙΑΣΕΜΗ |z 2008/04/18 | ||